000 01090cam a2200337 i 4500
999 _c47110
_d47110
001 20759
003 CO-MdFUSB
005 20171116120706.0
008 161010t2011 xxu||||g |||| 00| 0 eng d
020 _a978-1-58743-279-8
040 _aCO-MdFUSB
_bEspañol
_cCO-MdFUSB
_dCO-MdFUSB
_erda
041 _aeng
082 _224
_a225.92
_bB614p
100 1 _aBinz, Stephen J.
_eautor
_d1955-
245 1 0 _aPeter
_b: Fisherman and shepherd of the church
_c/ Stephen J. Binz
264 1 _aGrand Rapids, Michigan :
_bBrazos Press,
_c℗[2011]
264 4 _c©2011
300 _axxi, 168 páginas
336 _2rdacontent
_atexto
_btxt
337 _2rdamedia
_asin mediación
_bn
338 _2rdacarrier
_avolumen
_bnc
490 _aAncient-Future Bible Study
505 0 0 _aEstudio bíblico sobre Pedro - Se centra en el lectio divina
540 _aRústico
600 0 7 _aPedro
_cSanto
630 7 _aBiblia.
_pEvangelios
_xCrítica, interpretación, etc.
653 _aPeter, the Apostle, Saint
653 _aPedro, el Apóstol, Santo
942 _cBK